00366nam a22001337a 450000500170000000800410001704100130005808200130007110000120008424500350009626000460013130000290017765000260020620240725133637.0240725b |||||||| |||| 00| 0 eng d aEnglish  a349 SOU  lEnglish aThe South African Law Reports  aCape Town: bJuta and Company Ltd, c1943 bxii, 696 pages; c25 cm. aLegal practice bLaw